Thánh kinh xử thế của người Trung Quốc
Saved in:
| Main Author: | |
|---|---|
| Format: | Book |
| Language: | Undetermined |
| Published: |
Cà Mau
Mũi Cà Mau
2004
|
| Subjects: | |
| Tags: |
Add Tag
No Tags, Be the first to tag this record!
|
| Institutions: | Trung tâm Học liệu Trường Đại học Cần Thơ |
|---|
| LEADER | 00548nam a2200193Ia 4500 | ||
|---|---|---|---|
| 001 | CTU_90982 | ||
| 008 | 210402s9999 xx 000 0 und d | ||
| 020 | |c 78000 | ||
| 082 | |a 158.1 | ||
| 082 | |b Tr300/T.1 | ||
| 100 | |a Đông, Phương Tri | ||
| 245 | 0 | |a Thánh kinh xử thế của người Trung Quốc | |
| 245 | 0 | |c Đông Phương Tri | |
| 260 | |a Cà Mau | ||
| 260 | |b Mũi Cà Mau | ||
| 260 | |c 2004 | ||
| 650 | |a Psychology, applied | ||
| 904 | |i Mai Loan | ||
| 980 | |a Trung tâm Học liệu Trường Đại học Cần Thơ | ||